000 00236 a2200097 4500
001 30450
100 _aHarris, David P
245 _aTesting English as a second language
260 _aBombay
_bTata McGraw-Hill
_c
090 _c20394
_d20394
942 _aNUST-CAE
_cM
_c11552
999 _c265523
_d265523